[Event "Agentura 64 Cup"]
[Site "Olomouc CZE"]
[Date "2006.08.04"]
[Round "4"]
[White "Salmoiraghi,A"]
[Black "Fiala,Ji"]
[Result "1/2-1/2"]
[WhiteElo "2015"]
[BlackElo "2102"]

1.d4 Nf6 2.c4 e6 3.Nc3 Bb4 4.Nf3 b6 5.Bg5 h6 6.Bh4 Bb7 7.Nd2 Bxc3 8.bxc3 d5
9.e3 Nbd7 10.f3 c5 11.Bd3 Qe7 12.e4 g5 13.Bf2 Nh5  1/2-1/2

[Event "Liepajas Rokade"]
[Site "Liepaja LAT"]
[Date "2006.08.05"]
[Round "9"]
[White "Khalifman,A"]
[Black "Berzinsh,R"]
[Result "1/2-1/2"]
[WhiteElo "2622"]
[BlackElo "2445"]

1.d4 Nf6 2.c4 e6 3.Nc3 Bb4 4.Nf3 c5 5.g3 cxd4 6.Nxd4 Ne4 7.Qd3 Qa5 8.Nb3 Nxc3
9.Bd2 Ne4 10.Qxe4 Bxd2+ 11.Nxd2 Nc6 12.Bg2 O-O 13.Qc2 Qh5 14.Nf3 d5 15.cxd5 exd5
16.O-O Bh3 17.Rfd1 Bxg2 18.Kxg2 Rad8 19.Rd2 d4 20.Rad1 Qd5 21.Qb3 Qe4 22.Qxb7 Rfe8
23.Qb5 h6 24.Kg1 Re6 25.Qd3 Qg4 26.Kg2 Ne5 27.Nxe5 Rxe5 28.Qf3 Qe6 29.b3 Rf5
30.Qb7 Rh5 31.Kg1 Qh3 32.Qg2 Qg4 33.e3 d3 34.f3 Qd7 35.e4 Rc5 36.Qf2 Rc3
37.Qe3 a5 38.Kg2 Qd6 39.Qa7 Qb4 40.Kh3 Qb5 41.Kg2 Rd7 42.Qe3 Rd8 43.Qa7  1/2-1/2

[Event "107th Annual US Open"]
[Site "Chicago USA"]
[Date "2006.08.06"]
[Round "2"]
[White "Kacheishvili,G"]
[Black "Jamison,C"]
[Result "1-0"]
[WhiteElo "2589"]
[BlackElo "1989"]

1.d4 Nf6 2.c4 e6 3.Nc3 Bb4 4.Nf3 O-O 5.Bg5 Bxc3+ 6.bxc3 d5 7.e3 b6 8.cxd5 exd5
9.Rc1 Bb7 10.Bd3 Re8 11.O-O Nbd7 12.Bf5 Nf8 13.Ne5 Qd6 14.Bf4 Qe7 15.h3 Ng6
16.Bh2 c5 17.Re1 Red8 18.f3 Nxe5 19.Bxe5 Nd7 20.Bh2 g6 21.Bb1 f5 22.Rc2 Re8
23.c4 Qf7 24.cxd5 Bxd5 25.Rd2 Nf6 26.Be5 cxd4 27.Bxd4 Bb7 28.Bc2 Rad8 29.Bb3 Bd5
30.Ba4 Nd7 31.Ba1 Be6 32.Rd6 Kf8 33.Qd4 Re7 34.Rd1 Rc8 35.Qh8+ Qg8 36.Qxg8+ Kxg8
37.Rxe6 Rxe6 38.Bxd7 Rec6 39.Bxc6 Rxc6 40.Rd8+ Kf7 41.Bd4 Rc7 42.a4 Ke7 43.Ra8 Ke6
44.a5 bxa5 45.Rxa7 Rxa7 46.Bxa7 Kd5 47.Kf2 Kc4 48.e4 fxe4 49.fxe4 a4 50.Ke3 a3
51.Bd4 a2 52.g4 g5 53.e5 Kd5 54.Bb2 h6 55.Ba1 Ke6 56.Ke4 Ke7 57.Kf5 Kf7 58.e6+ Ke7
59.Ke5 Ke8 60.Kd6 Kd8 61.e7+ Ke8 62.Ke6 h5 63.gxh5 g4 64.h6 gxh3 65.h7 h2
66.h8=R+  1-0

[Event "ch-Euro Senior"]
[Site "Davos SUI"]
[Date "2006.08.06"]
[Round "2"]
[White "Karl,H"]
[Black "Dotan,V"]
[Result "1-0"]
[WhiteElo "2240"]
[BlackElo "2027"]

1.d4 Nf6 2.c4 e6 3.Nc3 Bb4 4.Nf3 O-O 5.e3 b6 6.Bd3 Bb7 7.O-O Bxc3 8.bxc3 d6
9.Qe2 Nbd7 10.e4 e5 11.Ne1 Re8 12.f3 Nf8 13.Be3 c5 14.d5 Ng6 15.g3 Bc8 16.Rf2 Bh3
17.Qc2 Qc8 18.Bf1 h5 19.Bxh3 Qxh3 20.Qd3 h4 21.Qf1 Qd7 22.a4 Nh5 23.Qg2 Rab8
24.Nd3 hxg3 25.hxg3 Nf6 26.g4 Kf8 27.g5 Ng8 28.Qg3 a6 29.Rb2 N8e7 30.Qg4 f5
31.gxf6 Qxg4+ 32.fxg4 gxf6 33.Rab1 Nc8 34.a5 Re7 35.axb6 Reb7 36.Bxc5 dxc5
37.Nxc5 Nd6 38.Ne6+ Ke7 39.c5 Nc4 40.Rb4 Na3 41.R1b2 Nb5 42.c4 Nc3 43.c6 Nxe4
44.cxb7 Kd6 45.Ra4 Nc5 46.Nxc5 Kxc5 47.Rxa6 Nf4 48.Ra4 Nd3 49.Rb5+ Kd6 50.Ra8 Rxb7
51.Ra7 Rb8 52.b7 Nc5 53.Rb6+ Ke7 54.Ra8 Nd7 55.Re6+  1-0

[Event "Agentura 64 Cup"]
[Site "Olomouc CZE"]
[Date "2006.08.06"]
[Round "6"]
[White "Salmoiraghi,A"]
[Black "Parligras,C"]
[Result "1/2-1/2"]
[WhiteElo "2015"]
[BlackElo "2232"]

1.d4 Nf6 2.c4 e6 3.Nc3 Bb4 4.Nf3 c5 5.g3 b6 6.Bg2 Bb7 7.a3 Bxc3+ 8.bxc3 d6
9.O-O O-O 10.Qc2 Qe7 11.Bg5 Nbd7 12.e4 h6 13.Bxf6 Nxf6 14.Nd2 e5 15.d5 Bc8
16.Rae1 g5 17.f4  1/2-1/2

[Event "HZ Open"]
[Site "Vlissingen NED"]
[Date "2006.08.06"]
[Round "3"]
[White "Henrichs,T"]
[Black "Schuurman,P"]
[Result "1-0"]
[WhiteElo "2491"]
[BlackElo "2219"]

1.d4 Nf6 2.c4 e6 3.Nc3 Bb4 4.Nf3 c5 5.g3 cxd4 6.Nxd4 O-O 7.Bg2 d5 8.cxd5 Nxd5
9.Qb3 Nc6 10.Nxc6 bxc6 11.O-O Rb8 12.a3 Bd6 13.Qc2 Qb6 14.Ne4 Be5 15.Rb1 a5
16.Bd2 Ba6 17.Bf3 Bd4 18.Rfc1 Nf6 19.e3 Be5 20.Nc5 Bb5 21.a4 Ba6 22.b4 axb4
23.Rxb4 Qa7 24.Nxa6 Qxa6 25.Rxb8 Bxb8 26.Qxc6 Qxc6 27.Rxc6 Nd7 28.Rc2  1-0

[Event "107th Annual US Open"]
[Site "Chicago USA"]
[Date "2006.08.12"]
[Round "8"]
[White "Kacheishvili,G"]
[Black "Harmon,C"]
[Result "1-0"]
[WhiteElo "2589"]
[BlackElo "2176"]

1.d4 Nf6 2.c4 e6 3.Nc3 Bb4 4.Nf3 b6 5.Bg5 Bb7 6.Nd2 h6 7.Bh4 Bxc3 8.bxc3 d6
9.f3 Nbd7 10.Qa4 O-O 11.e4 e5 12.Bd3 Qe8 13.O-O Nh5 14.Rfe1 Nf4 15.Bc2 Qe6
16.Nf1 Kh8 17.Ne3 Rfc8 18.Rad1 a6 19.Nd5 g5 20.Bf2 f6 21.Bb3 c5 22.Ne3 Bc6
23.d5  1-0

[Event "Independence Cup A"]
[Site "Kyiv UKR"]
[Date "2006.08.13"]
[Round "1"]
[White "Gorbatenko,K"]
[Black "Nazarevich,V"]
[Result "0-1"]
[WhiteElo "2094"]
[BlackElo "2303"]

1.d4 Nf6 2.c4 e6 3.Nc3 Bb4 4.Nf3 b6 5.g3 Bb7 6.Bg2 O-O 7.O-O d5 8.Ne5 c6
9.a3 Be7 10.e4 dxc4 11.Nxc4 Ba6 12.b3 b5 13.Ne3 b4 14.Ne2 Bxe2 15.Qxe2 Qxd4
16.Bb2 Qb6 17.axb4 Qxb4 18.Ng4 Nxg4 19.Qxg4 g6 20.Qf3 a5 21.Ra4 Qb5 22.Qc3 f6
23.Bh3 Kf7 24.Rfa1 Bd8 25.e5 Nd7 26.exf6 Bxf6 27.Qd2 Qd5 28.Qxd5 cxd5 29.Bxf6 Kxf6
30.Rxa5 Rxa5 31.Rxa5 Rb8 32.Ra6 Nf8 33.Ra3 g5 34.Kf1 h5 35.Ke2 Ke5 36.Ke3 Rb4
37.Kd3 Nd7 38.Kc3 Re4 39.Ra7 Nf6 40.Ra6 g4 41.Bf1 Re1 42.Bd3 Rh1 43.b4 Rxh2
44.Ra2 h4 45.Re2+ Ne4+ 46.Bxe4 dxe4 47.Kd2 hxg3 48.fxg3 Rxe2+ 49.Kxe2 Kd4
50.b5 Kc5 51.Ke3 Kxb5 52.Kxe4 Kc4 53.Kf4 Kd3 54.Kxg4 e5 55.Kf3 e4+ 56.Kf2 Kd2  0-1

[Event "Acropolis Open"]
[Site "Athens GRE"]
[Date "2006.08.14"]
[Round "2"]
[White "Mastrovasilis,A"]
[Black "Khetsuriani,B"]
[Result "1-0"]
[WhiteElo "2521"]
[BlackElo "2393"]

1.d4 Nf6 2.c4 e6 3.Nc3 Bb4 4.Nf3 c5 5.e3 d5 6.Bd3 O-O 7.O-O cxd4 8.exd4 dxc4
9.Bxc4 b6 10.Bg5 Bxc3 11.bxc3 Bb7 12.Bd3 Nbd7 13.Re1 Qc7 14.c4 Rfe8 15.Bh4 Rac8
16.Bg3 Qc6 17.a4 Rcd8 18.a5 Nf8 19.axb6 axb6 20.Rb1 N8d7 21.Qb3 Qc8 22.Ne5 Nxe5
23.Bxe5 Nd7 24.Re3 Nxe5 25.dxe5 Qa8 26.Bf1 Bc6 27.Qb2 Rb8 28.Rb3 Be4 29.Re1 Qc6
30.c5 Bd5 31.Rxb6 Qc7 32.Ba6 h6 33.h3 Ra8 34.Rc1 Ra7 35.c6 Re7 36.Rb7  1-0

[Event "93rd ch-GBR"]
[Site "Swansea WLS"]
[Date "2006.08.15"]
[Round "9"]
[White "Sherwin,J"]
[Black "Cannon,Ri"]
[Result "1/2-1/2"]
[WhiteElo "2291"]
[BlackElo "2102"]

1.d4 e6 2.Nf3 Nf6 3.c4 Bb4+ 4.Nc3 b6 5.Bg5 Bb7 6.Nd2 Bxc3 7.bxc3 d6 8.f3 Nbd7
9.e4 e5 10.a4 a5 11.Bd3 h6 12.Be3 Qe7 13.O-O O-O 14.Qe2 Rae8 15.Rae1 Kh8
16.g3 g5 17.Rf2 Rg8 18.Rg2 Rg6 19.g4  1/2-1/2

[Event "93rd ch-GBR"]
[Site "Swansea WLS"]
[Date "2006.08.16"]
[Round "10"]
[White "Ward,C"]
[Black "Thomas,Ni"]
[Result "1-0"]
[WhiteElo "2461"]
[BlackElo "2299"]

1.d4 e6 2.Nf3 Nf6 3.c4 Bb4+ 4.Nc3 b6 5.Bg5 h6 6.Bh4 g5 7.Bg3 Ne4 8.Qd3 Bb7
9.Nd2 Bxc3 10.bxc3 f5 11.f3 Nxd2 12.Qxd2 d6 13.h4 Rg8 14.hxg5 hxg5 15.Rh6 Kf7
16.e4 Qf8 17.Rh7+ Rg7 18.Rh1 f4 19.Bf2 Nd7 20.O-O-O Re8 21.g3 e5 22.gxf4 exf4
23.c5 d5 24.Bb5 c6 25.Bd3 bxc5 26.exd5 cxd4 27.dxc6 Qa3+ 28.Kb1 Ne5 29.cxb7 dxc3
30.Qc2 Qb4+ 31.Qb3+ Qxb3+ 32.axb3 Nxd3 33.Rxd3 Kg8 34.Bd4 Rxb7  1-0

[Event "93rd ch-GBR"]
[Site "Swansea WLS"]
[Date "2006.08.17"]
[Round "11"]
[White "Parker,J"]
[Black "Rowson,J"]
[Result "0-1"]
[WhiteElo "2509"]
[BlackElo "2579"]

1.d4 Nf6 2.c4 e6 3.Nc3 Bb4 4.Nf3 b6 5.Bg5 Bb7 6.e3 h6 7.Bh4 Bxc3+ 8.bxc3 d6
9.Nd2 Nbd7 10.f3 Qe7 11.e4 g5 12.Bf2 c5 13.Qa4 Nh5 14.h4 O-O-O 15.Qxa7 Kc7
16.Qa4 f5 17.Qc2 g4 18.fxg4 Nhf6 19.Bd3 Nxg4 20.Bg1 f4 21.Nf3 e5 22.h5 Qf7
23.Nh4 Qxh5 24.Rh3 Rhe8 25.Nf5 Qg5 26.d5 h5 27.Qb2 Ra8 28.Be2 Ra6 29.Bf3 Rea8
30.Qb3 Ra3 31.Qb2 R8a4 32.Bd1 Ra8 33.Bf3 R3a5 34.Rh1 R8a6 35.Rh3 Bc8 36.Rh1 Nf8
37.Nh4 Nh7 38.Qd2 Bd7 39.Kf1 Nhf6 40.Ke2 Ra4  0-1

[Event "XXVI Open A"]
[Site "Bratto ITA"]
[Date "2006.08.19"]
[Round "1"]
[White "Salmoiraghi,A"]
[Black "Sardo,G"]
[Result "0-1"]
[WhiteElo "2015"]
[BlackElo "2190"]

1.d4 Nf6 2.c4 e6 3.Nc3 Bb4 4.Nf3 O-O 5.Bg5 h6 6.Bh4 b6 7.Nd2 Bb7 8.f3 c5
9.a3 Bxc3 10.bxc3 d5 11.e3 Nbd7 12.Bd3 Ba6 13.Qe2 Qc8 14.O-O Re8 15.Bxf6 Nxf6
16.cxd5 Bxd3 17.Qxd3 exd5 18.e4 Qc6 19.e5 Nd7 20.a4 Nf8 21.f4 Rac8 22.Rfc1 cxd4
23.cxd4 Qxc1+ 24.Rxc1 Rxc1+ 25.Kf2 Rec8 26.Nf3 R8c4 27.Qb3 R1c2+ 28.Kg3 R2c3
29.Qb5 Rxd4 30.Qe8 Rdc4 31.f5 Rc8 32.Qb5 R3c5 33.Qd3 Re8 34.f6 g6 35.h4 Ne6
36.Qe3 Kh7 37.h5 g5 38.Qd3+ Kg8 39.Qf5 Rd8 40.Nh2 Rc3+ 41.Kf2 Rc4 42.g3 Rdc8
43.Ng4 Rc2+ 44.Ke1 Rc1+ 45.Kd2 R8c2+ 46.Qxc2 Rxc2+ 47.Kxc2 Nd4+ 48.Kc3 Nf5
49.Kb4 a6 50.a5 bxa5+ 51.Kxa5 d4 52.Kb4 a5+ 53.Kb3 Kf8 54.Ka4 d3 55.Kb3 a4+
56.Kxa4 d2 57.Nf2 Ne3  0-1

[Event "4th Staunton Mem"]
[Site "London/Crowthorne ENG"]
[Date "2006.08.19"]
[Round "6"]
[White "L'Ami,E"]
[Black "Wells,P"]
[Result "1/2-1/2"]
[WhiteElo "2586"]
[BlackElo "2480"]

1.d4 Nf6 2.c4 e6 3.Nc3 Bb4 4.Nf3 c5 5.g3 cxd4 6.Nxd4 O-O 7.Bg2 d5 8.cxd5 Nxd5
9.Qb3 Qa5 10.Bd2 Nc6 11.Nxc6 bxc6 12.O-O Bxc3 13.bxc3 Ba6 14.Rfd1 Qc5 15.e4 Nb6
16.Bf4 Nc4 17.Bf1 e5 18.Bxe5 Nxe5 19.Bxa6 Rab8 20.Qc2 g6 21.Be2 f5 22.exf5 Rxf5
23.Rd4 Rf3 24.Rad1 Rxc3 25.Qe4 Rc2 26.R1d2 Rxd2 27.Rxd2 Rb4 28.Qc2 Qxc2 29.Rxc2 Rb6
30.Rd2 g5 31.Kg2 Kf7 32.f4 gxf4 33.gxf4 Ng6 34.Bc4+ Ke7 35.Kf3 Rb4 36.Re2+ Kd6
37.Re4 c5 38.Kg4 Rb2 39.Re6+ Kd7 40.Re2 Rb4 41.Re4 Kd6 42.Kg5 Nf8 43.f5 Rb2
44.h4 Rg2+ 45.Kf4 Rf2+ 46.Kg4 h5+ 47.Kxh5 Rxf5+ 48.Kg4 Re5 49.Rxe5 Kxe5 50.Bd3 Kf6
51.Kf4 Nd7 52.Ke4 Nb6 53.Bc2 Ke6 54.Bd3 Kf6 55.Bb5 Ke6 56.Bc6 Kf6 57.Be8 Ke7
58.Bh5 Ke6 59.Bf3 Kf6 60.h5 Na4 61.Kd3 Nb6 62.Bc6 Kg5 63.Be8 Nc8 64.Bg6 Nb6
65.Ke4 Na4 66.Ke5 Nc3 67.a3 a5 68.Kd6  1/2-1/2

[Event "Canadian Closed zt"]
[Site "Toronto CAN"]
[Date "2006.08.20"]
[Round "3"]
[White "Livshits,R"]
[Black "Gardner,R"]
[Result "1/2-1/2"]
[WhiteElo "2355"]
[BlackElo "2217"]

1.d4 Nf6 2.c4 e6 3.Nc3 Bb4 4.Nf3 b6 5.Bg5 h6 6.Bh4 g5 7.Bg3 Ne4 8.Qc2 Bb7
9.e3 Bxc3+ 10.bxc3 Nxg3 11.fxg3 g4 12.Nd2 Qg5 13.O-O-O Qxe3 14.Bd3 Nc6 15.Rhf1 O-O-O
16.Rxf7 Rdf8 17.Rdf1 Rxf7 18.Rxf7 Nd8 19.Rf4 Qg1+ 20.Qd1 Qxh2 21.Qxg4 e5
22.dxe5 Qxg2 23.Bf5 Bc6 24.Rd4 Ne6 25.Bxe6 dxe6 26.Qxe6+ Kb7 27.Qg6 Qg1+
28.Kb2 Qe3 29.e6 Re8 30.Ne4 Qe2+ 31.Ka3 Qe1 32.Kb2 Qe2+ 33.Ka3 Qe1 34.Kb2  1/2-1/2

[Event "Canadian Closed zt"]
[Site "Toronto CAN"]
[Date "2006.08.20"]
[Round "3"]
[White "Ristovic,N"]
[Black "Patterson,Ro"]
[Result "1-0"]
[WhiteElo "2293"]
[BlackElo "2160"]

1.d4 Nf6 2.c4 e6 3.Nc3 Bb4 4.Nf3 O-O 5.Bg5 d5 6.e3 c5 7.dxc5 dxc4 8.Qd4 Nbd7
9.c6 bxc6 10.a3 Qa5 11.Bxf6 Nxf6 12.Rc1 Be7 13.Qxc4 Rb8 14.Qa4 Qb6 15.Nd1 c5
16.Ne5 Rb7 17.Nc4 Qc7 18.Be2 Bd7 19.Qa5 Qb8 20.Bf3 Rb3 21.O-O Bb5 22.Re1 Bd8
23.Qd2 Bc7 24.g3 Rd8 25.Qc2 Ba4 26.Nc3 Be8 27.Red1 a5 28.Rxd8 Bxd8 29.Qd2 Bb5
30.Nxb5 Rxb5 31.Bc6 Rb3 32.Ba4 Rb7 33.b3 Ra7 34.Rd1 Bc7 35.Ne5 Qb6 36.Nc4 Qb8
37.Nd6 Ra8 38.Bc6 Ra6 39.Nc8 Nd5 40.Bxd5 exd5 41.Ne7+ Kf8 42.Nxd5 a4 43.Qd3  1-0

[Event "81st ch-FRA w"]
[Site "Besancon BRA"]
[Date "2006.08.21"]
[Round "7"]
[White "Esposito,Mar"]
[Black "Congiu,M"]
[Result "1-0"]
[WhiteElo "2130"]
[BlackElo "2115"]

1.d4 Nf6 2.c4 e6 3.Nc3 Bb4 4.Nf3 d5 5.e3 O-O 6.Bd3 c6 7.a3 Bd6 8.e4 dxe4
9.Nxe4 Nxe4 10.Bxe4 f5 11.Bc2 Nd7 12.O-O Qc7 13.b4 a5 14.Bd2 b6 15.Re1 Nf6
16.Bc3 c5 17.bxc5 bxc5 18.d5 Ba6 19.Rxe6 Ng4 20.Qe2 Bc8 21.h3 Bxe6 22.Qxe6+ Kh8
23.hxg4 Rae8 24.Qh6 Be5 25.Bxe5 Rxe5 26.Qd2 Ree8 27.Bxf5 Rf6 28.Ng5 Qe5 29.Rb1 g6
30.Be6 Ref8 31.Rb7 Qa1+ 32.Kh2 Qe5+ 33.f4  1-0

[Event "81st ch-FRA w"]
[Site "Besancon BRA"]
[Date "2006.08.22"]
[Round "8"]
[White "Esposito,Mar"]
[Black "Muller,A"]
[Result "1/2-1/2"]
[WhiteElo "2130"]
[BlackElo "2181"]

1.d4 Nf6 2.c4 e6 3.Nc3 Bb4 4.Nf3 c5 5.g3 cxd4 6.Nxd4 O-O 7.Bg2 d5 8.Qb3 Bc5
9.Nc2 dxc4 10.Qxc4 Qc7 11.b3 Nbd7 12.Ba3 a6 13.Bxc5 Qxc5 14.Qxc5 Nxc5 15.b4 Ncd7
16.Rd1 Rb8 17.O-O Ne5 18.f4 Nc4 19.e4 e5 20.Nd5 Nxd5 21.Rxd5 Be6 22.Rc5 Rbc8
23.f5 Bd7 24.Rxc8 Rxc8 25.Rf2 Bc6 26.Re2 Rd8 27.Ne3 Nxe3 28.Rxe3 Rd2 29.a3 Kf8
30.g4 f6 31.h4 g6 32.Kh2 Kg7 33.Kg3 h5 34.Bf3 hxg4 35.Bxg4 Rd4 36.Kf3 Ba4
37.fxg6 Kxg6 38.Bf5+ Kh5 39.Kg3 Bc6 40.Bg4+ Kh6 41.Bf5 Rd1 42.Bg4 Rg1+ 43.Kh3 Rh1+  1/2-1/2

[Event "6th Open"]
[Site "Velika Gorica CRO"]
[Date "2006.08.23"]
[Round "6"]
[White "Bukal,V jr"]
[Black "Rukavina,Dar"]
[Result "1/2-1/2"]
[WhiteElo "2407"]
[BlackElo "2288"]

1.d4 Nf6 2.c4 e6 3.Nc3 Bb4 4.Nf3 b6 5.Bg5 Bb7 6.Nd2 h6 7.Bh4 c5 8.d5 exd5
9.cxd5 Bxc3 10.bxc3 Bxd5 11.e4 Qe7 12.Bxf6 gxf6 13.Be2 Be6 14.O-O Nc6 15.f4 f5
16.exf5 Bxf5 17.Nc4 O-O 18.Rf3 Kh8 19.Re3 Qf6 20.Qd6 Be6 21.f5 Qxf5 22.Rf1 Qd5
23.Qf4 Qg5 24.Qf2 f5 25.Rg3 Qf6 26.Qf4 Rg8 27.Rh3 Rg6 28.Ne3 Rag8 29.Rh5 Qg7
30.g3 Rg5 31.Rh4 Ne5 32.a3 Qf6 33.Rh5 Rxh5 34.Bxh5 Nd3 35.Qd6 Qg5 36.Qxd3 Qxh5
37.Qd6 Kh7 38.Rf4 Qg5 39.Qe5 Qg7 40.Qxg7+ Rxg7 41.Nxf5 Bxf5 42.Rxf5 Kg6 43.Rd5 Rf7
44.Kg2 Kf6 45.Rd6+ Kg7 46.g4 Kh7  1/2-1/2

[Event "Canadian Closed zt"]
[Site "Toronto CAN"]
[Date "2006.08.24"]
[Round "7"]
[White "Ristovic,N"]
[Black "Bolduc,S"]
[Result "0-1"]
[WhiteElo "2293"]
[BlackElo "2177"]

1.d4 Nf6 2.c4 e6 3.Nc3 Bb4 4.Nf3 b6 5.Bg5 h6 6.Bh4 Bb7 7.e3 g5 8.Bg3 Ne4
9.Qc2 f5 10.Bd3 Bxc3+ 11.bxc3 Nxg3 12.hxg3 Qf6 13.e4 O-O 14.exf5 exf5 15.O-O-O Nc6
16.Rde1 Ne7 17.d5 c6 18.Rxe7 Qxe7 19.Rxh6 cxd5 20.Bxf5 Rf6 21.Rh5 dxc4 22.Rxg5+ Kf8
23.Rh5 Bd5 24.Qd2 Bg8 25.Kb2 Re8 26.Bc2 d5 27.Ne5 Qd6 28.Qd4 Ke7 29.Ba4 Ref8
30.f4 Qc5 31.Qxc5+ bxc5 32.Nd7 Rf5 33.Rh8 Rc8 34.Nxc5 Kd6 35.Na6 Rf7 36.Rh6+ Ke7
37.Nb4 Rg7 38.Nc6+ Rxc6 39.Bxc6 Rxg3 40.Rh2 Rg4 41.f5 Rf4 42.g4  0-1

[Event "81st ch-FRA w"]
[Site "Besancon BRA"]
[Date "2006.08.25"]
[Round "11"]
[White "Verot,M"]
[Black "Muller,A"]
[Result "0-1"]
[WhiteElo "2111"]
[BlackElo "2181"]

1.d4 Nf6 2.c4 e6 3.Nc3 Bb4 4.Nf3 c5 5.g3 Ne4 6.Qd3 cxd4 7.Nxd4 Qa5 8.Bd2 Nxd2
9.Qxd2 O-O 10.Bg2 Nc6 11.O-O a6 12.Rfd1 Ne5 13.Qf4 Bxc3 14.bxc3 Ng6 15.Qe3 Qc5
16.h4 Qxc4 17.Nf3 d5 18.h5 Ne7 19.Nh4 Qc7 20.Rd4 e5 21.Rd2 Be6 22.Rad1 Rac8
23.h6 g6 24.Rd3 f6 25.Qd2 e4 26.Re3 Nc6 27.c4 Ne5 28.cxd5 Nc4 29.Qd4 Nxe3
30.Qxe3 Qc2 31.Qd4 Rc4 32.Qa1 Bd7 33.Bf1 Qc3 34.Qb1 Rb4 35.Qc1 Qxc1 36.Rxc1 Rc8
37.Rxc8+ Bxc8 38.Ng2 Rb1 39.Ne3 Bh3 40.f3 exf3 41.Kf2 Bxf1 42.Nxf1 fxe2 43.Kxe2 Rxf1
44.Kxf1 Kf8 45.Ke2 Ke7 46.Ke3 Kd6 47.Ke4 f5+ 48.Kd4 b5 49.a3 a5  0-1

[Event "4th Staunton Mem"]
[Site "London/Crowthorne ENG"]
[Date "2006.08.25"]
[Round "11"]
[White "Wells,P"]
[Black "Werle,J"]
[Result "1-0"]
[WhiteElo "2480"]
[BlackElo "2531"]

1.d4 Nf6 2.c4 e6 3.Nc3 Bb4 4.Nf3 c5 5.g3 Bxc3+ 6.bxc3 Qa5 7.Qd3 b6 8.Bg2 Bb7
9.Bg5 cxd4 10.Bxf6 gxf6 11.Qxd4 Ke7 12.Rb1 Nc6 13.Qd3 Rad8 14.O-O Ba6 15.Nd2 Ne5
16.Qd4 Qc5 17.Rb4 Nc6 18.Qxc5+ bxc5 19.Ra4 Bb7 20.Rb1 Rb8 21.Rb5 Ba8 22.Nb3 Rhc8
23.f4 f5 24.Nxc5 Nd8 25.Rxb8 Rxb8 26.Rxa7 Bxg2 27.Kxg2 Rb2 28.Kf2 Rc2 29.Rxd7+ Ke8
30.Rc7 Rxa2 31.Nd7 h6 32.Ke3 Rc2 33.Kd3 Rc1 34.Nf6+ Kf8 35.c5 Kg7 36.Ne8+ Kf8
37.Nd6 Rh1 38.Rd7 Nc6 39.Rxf7+ Kg8 40.Rc7  1-0

[Event "Canadian Closed zt"]
[Site "Toronto CAN"]
[Date "2006.08.25"]
[Round "8"]
[White "Bolduc,S"]
[Black "Milicevic,G"]
[Result "1/2-1/2"]
[WhiteElo "2177"]
[BlackElo "2305"]

1.d4 e6 2.Nf3 Nf6 3.c4 Bb4+ 4.Nc3 Nc6 5.g3 d5 6.Bg2 dxc4 7.O-O Rb8 8.Ne5 Bxc3
9.Nxc6 bxc6 10.bxc3 O-O 11.Ba3 Re8 12.Qa4 Rb6 13.Bc5 Rb2 14.Bxc6 Bd7 15.Bxd7 Qxd7
16.Qxc4 Ne4 17.Ba3 Rb5 18.Qd3 Qc6 19.f3 Nf6 20.c4 Rg5 21.e4 h5 22.e5 Nd7
23.f4 Rg6 24.h3 Nb6 25.Rac1 Rd8 26.Kh2 Qa4 27.Rf2 Qa5 28.Rd2 a6 29.Rcc2 Qa4
30.Bc5 Nd7 31.Be7 Re8 32.Qa3 Qc6 33.d5 Qb6 34.c5 Qb5 35.c6 Nxe5 36.fxe5 exd5
37.Rc5 Qf1 38.Rcxd5 Qe1 39.Rd8 Kh7 40.Qf3 Rxe7 41.Qxh5+ Rh6 42.Qf5+ Rg6  1/2-1/2

[Event "TCh-Serbia"]
[Site "Zlatibor SCG"]
[Date "2006.08.27"]
[Round "2"]
[White "Sedlak,N"]
[Black "Perunovic,Mil"]
[Result "1-0"]
[WhiteElo "2519"]
[BlackElo "2526"]

1.d4 Nf6 2.c4 e6 3.Nc3 Bb4 4.Nf3 c5 5.g3 Nc6 6.Bg2 Ne4 7.Bd2 Nxd2 8.Qxd2 cxd4
9.Nxd4 Ne5 10.Nf3 Qc7 11.Nxe5 Qxe5 12.Rc1 O-O 13.O-O Rd8 14.Rfd1 Be7 15.Nb5 Qc5
16.Nd6 Bxd6 17.Qxd6 Qxd6 18.Rxd6 Kf8 19.c5 Ke7 20.b4 Rb8 21.Rcd1 Re8 22.b5 b6
23.c6 dxc6 24.bxc6 Ba6 25.Rd7+ Kf8 26.Rxa7 Ra8 27.Rxa8 Rxa8 28.c7 Rc8 29.Rd7 g6
30.Bc6 Kg7 31.e4  1-0

[Event "VIII Open"]
[Site "Sants ESP"]
[Date "2006.08.30"]
[Round "6"]
[White "Gonzalez Garcia,J"]
[Black "Hernando Rodrigo,Ju"]
[Result "1-0"]
[WhiteElo "2503"]
[BlackElo "2345"]

1.Nf3 Nf6 2.c4 e6 3.d4 Bb4+ 4.Nc3 c5 5.e3 O-O 6.Bd3 d5 7.O-O dxc4 8.Bxc4 Nc6
9.a3 Bxc3 10.bxc3 Qc7 11.Ba2 e5 12.h3 e4 13.Nh2 Ne7 14.c4 Rd8 15.Bb2 cxd4
16.exd4 b5 17.cxb5 Qb6 18.a4 a6 19.Qc1 axb5 20.axb5 Bd7 21.Ba3 Nf5 22.Bc5 Qxb5
23.Rb1 Qa4 24.Bb3 Qc6 25.Ng4 Nxg4 26.hxg4 Nh6 27.g5 Nf5 28.Bc4 Be6 29.Rb6 Qe8
30.Bxe6 fxe6 31.Qf4 Nxd4 32.Qxe4 e5 33.Re1 Qh5 34.Rd6 Re8 35.g6 Nf5 36.g4  1-0

[Event "TCh-Serbia"]
[Site "Zlatibor SCG"]
[Date "2006.08.30"]
[Round "5"]
[White "Miladinovic,I"]
[Black "Ivanisevic,I"]
[Result "1-0"]
[WhiteElo "2584"]
[BlackElo "2596"]

1.d4 Nf6 2.c4 e6 3.Nc3 Bb4 4.Nf3 c5 5.g3 cxd4 6.Nxd4 Ne4 7.Qd3 Bxc3+ 8.bxc3 Nc5
9.Qf3 d6 10.Bg2 Nbd7 11.O-O Ne5 12.Qf4 Bd7 13.Nb3 Rc8 14.Ba3 b6 15.Rfd1 Qc7
16.Rd4 f6 17.Rad1 Nf7 18.Qe3 O-O 19.Rh4 Rce8 20.Nd4 Ne5 21.Nb5 Bxb5 22.cxb5 d5
23.Bb4 Re7 24.Rhd4 Nc4 25.Rxc4 dxc4 26.Rd4 Rd8 27.Bc6 Rd6 28.Rxc4 Qd8 29.Bxc5 bxc5
30.Qxc5 Rd1+ 31.Kg2 Qd6 32.Qh5 g6 33.Qf3 Kg7 34.a4 Qa3 35.Qe3 Qa1 36.Qc5 Kf7
37.Rd4 Rg1+ 38.Kf3 Rc1 39.Rd3 h5 40.Bd7 e5 41.Be6+ Kxe6 42.Qc4+ Kf5 43.Qc8+ Kg5
44.h4+ Kh6 45.Qh8+ Rh7 46.Qf8+ Rg7 47.Rd7 e4+ 48.Kf4 g5+ 49.Kf5  1-0

[Event "Open A"]
[Site "Trieste ITA"]
[Date "2006.09.03"]
[Round "3"]
[White "Znidarcic,A"]
[Black "Pregarac,V"]
[Result "1/2-1/2"]
[WhiteElo "2193"]
[BlackElo "2058"]

1.d4 e6 2.c4 Nf6 3.Nf3 Bb4+ 4.Nc3 O-O 5.e3 d5 6.Bd2 c5 7.dxc5 dxc4 8.Bxc4 Bxc5
9.O-O Nc6 10.Qc2 a6 11.Rfd1 Qe7 12.e4 Ng4 13.Bg5  1/2-1/2

[Event "Open A"]
[Site "Trieste ITA"]
[Date "2006.09.05"]
[Round "5"]
[White "Medancic,R"]
[Black "Pregarac,V"]
[Result "1-0"]
[WhiteElo "2265"]
[BlackElo "2058"]

1.d4 e6 2.c4 Nf6 3.Nf3 Bb4+ 4.Nc3 O-O 5.g3 Ne4 6.Qd3 f5 7.Bg2 d6 8.Nd2 Bxc3
9.bxc3 Nxd2 10.Bxd2 Nd7 11.O-O e5 12.c5 Nf6 13.cxd6 cxd6 14.dxe5 dxe5 15.Qc4+ Kh8
16.Be3 Qe7 17.Rfd1 Rd8 18.Qc5 Rxd1+ 19.Rxd1 Qxc5 20.Rd8+ Ng8 21.Bxc5 e4 22.Bh3 b6
23.Bd4  1-0

[Event "59th ch-RUS 1st League"]
[Site "Tomsk RUS"]
[Date "2006.09.07"]
[Round "5"]
[White "Inarkiev,E"]
[Black "Khismatullin,D"]
[Result "1-0"]
[WhiteElo "2625"]
[BlackElo "2568"]

1.d4 Nf6 2.c4 e6 3.Nc3 Bb4 4.Nf3 c5 5.g3 Nc6 6.Bg2 Ne4 7.Bd2 Nxd2 8.Qxd2 cxd4
9.Nxd4 Ne5 10.Nf3 Nxf3+ 11.Bxf3 O-O 12.Rc1 a6 13.O-O Qc7 14.Rfd1 Rd8 15.Qg5 h6
16.Qh4 Bf8 17.c5 d5 18.cxd6 Rxd6 19.Nd5 Qd7 20.Ne3 Rb8 21.Rxd6 Qxd6 22.Rd1 Qe7
23.Nc4 g5 24.Qd4 b5 25.Qe5 Rb7 26.Bxb7 Bxb7 27.Qd6 Qf6 28.Qb8 Bd5 29.Ne5 Qe7
30.Rc1 Qd6 31.Qxd6 Bxd6 32.Nd3 a5 33.Rc8+ Kg7 34.Rd8 Bc7 35.Rd7 Bb6 36.b3 Kf6
37.Kf1 a4 38.Nb4 Ba8 39.bxa4 bxa4 40.Rd6 Bc5 41.Ra6 Bb7 42.Rxa4 h5 43.Nd3 Bd6
44.h4 e5 45.Ra7  1-0

[Event "TCh-ESP Honor Gp1"]
[Site "Olite ESP"]
[Date "2006.09.08"]
[Round "3"]
[White "Pelletier,Y"]
[Black "Giorgadze,G1"]
[Result "0-1"]
[WhiteElo "2583"]
[BlackElo "2607"]

1.d4 Nf6 2.c4 e6 3.Nf3 Bb4+ 4.Nc3 b6 5.Bg5 Bb7 6.Nd2 h6 7.Bh4 Bxc3 8.bxc3 d6
9.f3 Nbd7 10.e4 e5 11.Be2 Nf8 12.Bf2 Ne6 13.g3 O-O 14.h4 Re8 15.Nf1 exd4
16.cxd4 Nxe4 17.fxe4 Bxe4 18.Rh2 d5 19.Nd2 Bg6 20.Kf1 Qf6 21.Nb3 Rad8 22.Kg1 dxc4
23.Bxc4 c5 24.Qf1 cxd4 25.Bxe6 Qxe6 26.h5 Be4 27.Bxd4 Bb7 28.Rh4 Qd5 29.Kh2 Re6
30.Rd1 Re4 31.Rxe4 Qxe4 32.Re1 Qg4 33.Qf4 Qxh5+ 34.Qh4 Qd5 35.Rg1 Rc8 36.Nd2 Rc2
37.Be3 Qf3 38.Qd4 Qh5+  0-1

[Event "3rd LGA Premium Cup"]
[Site "Nuernberg GER"]
[Date "2006.09.09"]
[Round "5"]
[White "Unzicker,F"]
[Black "Vijayalakshmi,S"]
[Result "0-1"]
[WhiteElo "2278"]
[BlackElo "2417"]

1.d4 Nf6 2.c4 e6 3.Nc3 Bb4 4.Nf3 O-O 5.Bg5 h6 6.Bh4 d5 7.cxd5 exd5 8.Qc2 Be6
9.e3 Nbd7 10.Bd3 c5 11.a3 cxd4 12.Nxd4 Qa5 13.Rc1 Bxc3+ 14.Qxc3 Qxc3+ 15.Rxc3 Rfc8
16.Rxc8+ Rxc8 17.Kd2 Ne4+ 18.Bxe4 dxe4 19.Nxe6 fxe6 20.Rc1 Rxc1 21.Kxc1 g5
22.Bg3 e5 23.f3 Kf7 24.fxe4 Ke6 25.Be1 Nf6 26.Kd2 Nxe4+ 27.Kd3 Kd5 28.Bb4 h5
29.h3 g4 30.hxg4 hxg4 31.Be7 Ng3 32.Bh4 Ne4 33.Be7 b6 34.b3 b5 35.Bb4 Ng3
36.Be1 e4+ 37.Kd2 Nf5 38.Ke2 Kc5 39.Bb4+ Kb6 40.Bf8 a5 41.a4 bxa4 42.bxa4 Kc6
43.Ba3 Kd5 44.Bc1 Ne7 45.Kf2 Kc4 46.Kg3 Kd3 47.Kxg4 Nd5 48.Kh5 Nxe3 49.g4 Nd5
50.Bg5 e3 51.Bh4 Kd2 52.g5 Ne7 53.g6 Nf5 54.Bd8 Kc2 55.Bxa5 Kb3 56.Kg4 Kxa4
57.Be1 Ng7 58.Kf3 Kb5 59.Kxe3 Kc5 60.Bc3 Ne8 61.Ke4 Kd6 62.Kf5 Kd7 63.Bb4 Ng7+
64.Kf6 Nh5+ 65.Kf7 Ng3 66.Bc3 Nf5 67.Kf6 Nd6 68.Be5 Nc8 69.g7 Ne7 70.Bb2 Ng8+
71.Kf7 Ne7 72.Bc1  0-1

[Event "ch-EU"]
[Site "Liverpool ENG"]
[Date "2006.09.11"]
[Round "6"]
[White "Blackburn,J"]
[Black "Hawkins,J"]
[Result "1-0"]
[WhiteElo "2207"]
[BlackElo "2022"]

1.d4 Nf6 2.c4 e6 3.Nc3 Bb4 4.Nf3 b6 5.Bg5 h6 6.Bh4 g5 7.Bg3 Ne4 8.Qc2 Bxc3+
9.bxc3 Nxg3 10.hxg3 Bb7 11.e4 Qe7 12.Bd3 d6 13.g4 Nd7 14.Qa4 Kf8 15.Nxg5 Qxg5
16.Qxd7 Qxg4 17.d5 Rc8 18.Rh3 Qg5 19.Re3 Qe7 20.Qa4 a5 21.Kd2 c6 22.Rb1 Rg8
23.Bf1 cxd5 24.exd5 Qf6 25.Rxb6 Qxf2+ 26.Be2 Qf4 27.Rxb7 Rg3 28.Bf3 Rxc4
29.Qd7 Ra4 30.Qxf7+ Qxf7 31.Rxf7+ Kxf7 32.Bh5+ Kf6 33.Rxg3 Rxa2+ 34.Kd3 exd5
35.Bf3 Ke5 36.Rg8  1-0